000
00285nam a2200109Ia 4500
008
220204s9999 xx 000 0 und d
082
_a
321.2(548)
_b
THU
100
_a
Thurston, E
245
0
_a
Castes and tribes of Southern India. V 1 A & B
260
_a
Delhi
_b
Cosmo
_c
1975
942
_c
BK
999
_c
29602
_d
29602